Statistics for Actors by Film #5

Click here to take the quiz!

General Stats

  • This quiz has been taken 23 times
  • The average score is 12 of 20

Answer Stats

FilmFilmFilmActor/Actress% Correct
The PrestigeX-MenThe Greatest ShowmanHugh Jackman
91%
The African QueenCasablancaThe Maltese FalconHumphrey Bogart
91%
Bird BoxGravitySpeedSandra Bullock
91%
There Will Be BloodLincolnGangs of New YorkDaniel Day-Lewis
86%
The Big LebowskiIron ManTronJeff Bridges
82%
Schindler's ListGandhiIron Man 3Ben Kingsley
77%
Breakfast at Tiffany'sRoman HolidayMy Fair LadyAudrey Hepburn
73%
Gangs of New YorkShrekThe MaskCameron Diaz
73%
Black SwanTedOz the Great and PowerfulMila Kunis
73%
Interview with the VampireSpider-ManJumanjiKirsten Dunst
68%
The OthersMoulin Rouge!Batman ForeverNicole Kidman
68%
Catch Me If You CanPulp FictionThe Deer HunterChristopher Walken
64%
Butch Cassidy and the Sundance KidThe HustlerRoad to PerditionPaul Newman
64%
Fantastic Beasts and Where to Find ThemLes MisérablesThe Trial of the Chicago 7Eddie Redmayne
45%
The Lord of the RingsX-MenThe Da Vinci CodeIan McKellen
45%
Forgetting Sarah MarshallFrozenScream 4Kristen Bell
41%
The FighterMan of SteelCatch Me If You CanAmy Adams
27%
Dial M for MurderRear WindowHigh NoonGrace Kelly
23%
Educating RitaHarry PotterBilly ElliotJulie Walters
18%
NakedHarry PotterThe Big LebowskiDavid Thewlis
9%

Score Distribution

Percentile by Number Answered

Percent of People with Each Score

Your Score History

You have not taken this quiz